Podnikateľské prostredie SR v období svetovej hospodárskej krízy bakalárska práca

Guardado en:
Detalles Bibliográficos
Autor principal: Altiová, Petronela
Autor Corporativo: Obchodná fakulta EU. Katedra medzinárodného obchodu
Otros Autores: Rosenberg, Miloslav
Formato: Libro
Lenguaje:eslovaco
Publicado: Bratislava 2012
Etiquetas: Agregar Etiqueta
Sin Etiquetas, Sea el primero en etiquetar este registro!

MARC

LEADER 00000nbm a2200000 4500
001 0154504
005 20220120121338.2
041 0 |a slo 
044 |a SK 
245 1 0 |a Podnikateľské prostredie SR v období svetovej hospodárskej krízy  |b bakalárska práca  |c Petronela Altiová ; školiteľ: Miloslav Rosenberg 
264 1 |a Bratislava  |c 2012 
300 |a 44 s. 
100 1 |a Altiová, Petronela 
700 1 |a Rosenberg, Miloslav 
710 2 |a Obchodná fakulta EU. Katedra medzinárodného obchodu